000 01165nam2a2200205 4500
001 RU\NLR\PER_A\002383670_004950
005 20250624013815.0
035 _a(NLR Aleph) 012312228
090 _a11376143
_c11376143
100 _a20200811d2019 |||y0rusy50 ca
101 0 _arus
102 _aRU
200 0 _a2019, № 11 (466)
210 _d2019
_aБ. м.
461 0 _1001RU\NLR\INFOCOMM18\1000232571
_12001#$aЦенообразование и сметное нормирование в строительстве$eЕжемес. Всерос. информ.-аналит. журн.$fКоординац. центр по ценообразованию и смет. нормированию в стр-ве$v2019, № 11 (466)
_94609082
_cСПб.
_d1994 -
_fКоординац. центр по ценообразованию и смет. нормированию в стр-ве
_nКЦЦС
_oЕжемес. Всерос. информ.-аналит. журн.
_tЦенообразование и сметное нормирование в строительстве
_v2019, № 11 (466)
852 _aNLR
_jП23/3848
942 _cISSUE
980 _aNB
980 _aRUSPER